[Event "Medellin Sub zt 2.3.2"]
[Site "Medellin"]
[Date "2025.04.17"]
[Round "6"]
[White "Zarabanda Rojas, Daniel Santiago"]
[Black "Orostegui Cardona, David Eduardo"]
[Result "0-1"]
[WhiteElo "1596"]
[BlackElo "1803"]
[PlyCount "78"]
[EventDate "2025.04.14"]
[EventType "swiss"]
[EventRounds "9"]
[EventCountry "COL"]
[SourceTitle "CB18_2025"]
[SourceDate "2025.04.30"]
[SourceVersion "1"]
[SourceVersionDate "2025.04.30"]
[SourceQuality "1"]

1. d4 d5 2. c4 e6 3. Nf3 Nf6 4. g3 b6 5. Bg2 Bb7 6. 0-0 Be7 7. Nc3 0-0 8. Ne5 c5 9. Bg5 cxd4 10. Qxd4 Nc6 11. Nxc6 Bxc6 12. cxd5 Nxd5 13. Bxe7 Nxe7 14. Qg4 Bxg2 15. Kxg2 Qc7 16. Rac1 b5 17. f3 Nf5 18. Nd5 Qe5 19. e4 Qxb2+ 20. Kh3 exd5 21. exf5 Rfe8 22. Rb1 Qd2 23. f4 Re2 24. Rh1 Qd3 25. f6 g6 26. Qg5 h6 27. Qg4 Rae8 28. Rbc1 R8e6 29. Rc8+ Kh7 30. Rc7 Rxf6 31. Rxa7 Rf5 32. Rc1 Rh5+ 33. Qxh5 gxh5 34. Rxf7+ Kg6 35. Rcc7 Rxa2 36. f5+ Kg5 37. Rg7+ Kf6 38. Rgf7+ Ke5 39. Rce7+ Kd4 0-1

[Event "Medellin Sub zt 2.3.2"]
[Site "Medellin"]
[Date "2025.04.14"]
[Round "1"]
[White "Pacheco Marte, Sergio Andres"]
[Black "Zarabanda Rojas, Daniel Santiago"]
[Result "1-0"]
[WhiteElo "1968"]
[BlackElo "1596"]
[PlyCount "53"]
[EventDate "2025.04.14"]
[EventType "swiss"]
[EventRounds "9"]
[EventCountry "COL"]
[SourceTitle "CB18_2025"]
[SourceDate "2025.04.30"]
[SourceVersion "1"]
[SourceVersionDate "2025.04.30"]
[SourceQuality "1"]

1. b3 d5 2. Bb2 c5 3. e3 Nc6 4. Bb5 e6 5. Nf3 Nf6 6. Ne5 Bd7 7. Bxc6 Bxc6 8. 0-0 Qc7 9. f4 Bd6 10. d3 0-0-0 11. Nd2 Be8 12. Ndf3 Rg8 13. c4 Kb8 14. a3 Qe7 15. b4 cxb4 16. axb4 Bxb4 17. Bd4 Bc5 18. Qb3 dxc4 19. Qxc4 Bxd4 20. Nxd4 Nd5 21. Rfb1 Nb6 22. Qa2 Ba4 23. Rxb6 axb6 24. Qxa4 Qc5 25. Nb5 Qxe3+ 26. Kh1 Qc5 27. Qa8# 1-0

[Event "COL-ch U20"]
[Site "Bogota"]
[Date "2025.02.01"]
[Round "6"]
[White "Negron Lizarazo, Juan Sebastian"]
[Black "Zarabanda Rojas, Daniel Santiago"]
[Result "1-0"]
[WhiteElo "1865"]
[BlackElo "1606"]
[PlyCount "71"]
[EventDate "2025.01.29"]
[EventType "tourn"]
[EventRounds "9"]
[EventCountry "COL"]
[SourceTitle "CB06_2025"]
[SourceDate "2025.02.05"]
[SourceVersion "1"]
[SourceVersionDate "2025.02.05"]
[SourceQuality "1"]

1. e4 c6 2. Nf3 d5 3. Nc3 dxe4 4. Nxe4 Nf6 5. Qe2 Nxe4 6. Qxe4 Nd7 7. Bc4 Nf6 8. Ne5 e6 9. Qe2 b5 10. Bb3 Qc7 11. a4 b4 12. d3 a5 13. Bf4 Bd6 14. h3 0-0 15. Bh2 Nd5 16. 0-0-0 Ba6 17. Kb1 Rfc8 18. g4 Rab8 19. f3 Qa7 20. Rhe1 Nc3+ 21. bxc3 bxc3 22. Nc4 Bxh2 23. Qxh2 Bxc4 24. dxc4 Qc5 25. Ka2 Rb6 26. Qd6 Qxd6 27. Rxd6 g6 28. Red1 Kg7 29. c5 Rb4 30. R1d4 Kf6 31. Rxb4 axb4 32. Rd4 Rb8 33. Rf4+ Kg7 34. Bc4 Rb7 35. Kb3 e5 36. Rxf7+ 1-0

[Event "COL-ch U20"]
[Site "Bogota"]
[Date "2025.01.31"]
[Round "5"]
[White "Zarabanda Rojas, Daniel Santiago"]
[Black "Malagon Guzman, Juan Daniel"]
[Result "1/2-1/2"]
[WhiteElo "1606"]
[BlackElo "1916"]
[PlyCount "137"]
[EventDate "2025.01.29"]
[EventType "tourn"]
[EventRounds "9"]
[EventCountry "COL"]
[SourceTitle "CB06_2025"]
[SourceDate "2025.02.05"]
[SourceVersion "1"]
[SourceVersionDate "2025.02.05"]
[SourceQuality "1"]

1. e4 e5 2. Nf3 Nc6 3. Bb5 a6 4. Ba4 Nf6 5. 0-0 Be7 6. c3 b5 7. Bb3 0-0 8. d4 d6 9. h3 Bb7 10. Re1 a5 11. a4 b4 12. d5 Nb8 13. Nbd2 c5 14. c4 Nbd7 15. Bc2 g6 16. Nf1 Nh5 17. Bh6 Re8 18. Qd2 Bf6 19. Ne3 Bg7 20. Ng4 Ndf6 21. Bxg7 Nxg4 22. hxg4 Nxg7 23. Qh6 f6 24. g3 Bc8 25. g5 Nh5 26. Kg2 Ra7 27. Rh1 Bg4 28. Nh2 Qc8 29. Nf1 Qd8 30. Ne3 Bc8 31. gxf6 Qxf6 32. Raf1 Qg7 33. Qxg7+ Rxg7 34. Bd1 Nf6 35. f3 Rf8 36. b3 Nh5 37. Nc2 Rf6 38. Ne1 Rf8 39. Nd3 Nf6 40. Ne1 Nh5 41. Nd3 Nf6 42. Ne1 h5 43. Nc2 Bd7 44. Ne3 Rgf7 45. Bc2 Nh7 46. Bd3 Kg7 47. Nc2 Ng5 48. Ne1 Bc8 49. Be2 Bd7 50. Bd3 Rf6 51. Be2 Be8 52. Bd3 Nh7 53. Nc2 Bd7 54. Be2 Ng5 55. Ne1 Be8 56. Bd3 R8f7 57. Be2 Rf8 58. Bd3 Nh7 59. Nc2 Bd7 60. Be2 Kh6 61. Ne3 Kg7 62. Nc2 R6f7 63. Ne1 Bc8 64. Nc2 Bd7 65. Ne1 Ng5 66. Nc2 Nh7 67. Ne1 Rf6 68. Nc2 R8f7 69. Ne1 1/2-1/2

[Event "COL-ch U20"]
[Site "Bogota"]
[Date "2025.01.30"]
[Round "3"]
[White "Ayala Gonzalez, Hector Manuel"]
[Black "Zarabanda Rojas, Daniel Santiago"]
[Result "0-1"]
[WhiteElo "1525"]
[BlackElo "1606"]
[PlyCount "100"]
[EventDate "2025.01.29"]
[EventType "tourn"]
[EventRounds "9"]
[EventCountry "COL"]
[SourceTitle "CB06_2025"]
[SourceDate "2025.02.05"]
[SourceVersion "1"]
[SourceVersionDate "2025.02.05"]
[SourceQuality "1"]

1. e4 c6 2. Nf3 d5 3. Nc3 dxe4 4. Nxe4 Nf6 5. Nc3 Bf5 6. Bc4 e6 7. 0-0 Be7 8. d3 0-0 9. Bg5 h6 10. Bh4 a5 11. a3 b5 12. Ba2 Qb6 13. Qd2 Nbd7 14. Rfe1 Rfe8 15. Rad1 b4 16. Ne2 bxa3 17. bxa3 Bxa3 18. Rb1 Qc5 19. Rec1 Bxc1 20. Rxc1 e5 21. d4 exd4 22. Nexd4 Bg6 23. Nb3 Qa3 24. Ra1 Qb2 25. Nfd4 Ne4 26. Qc1 Qxc1+ 27. Rxc1 Nc3 28. Bb1 c5 29. Nxc5 Nxc5 30. Kh1 Rab8 31. f3 Rxb1 32. Rxb1 Nxb1 33. Nb5 Bxc2 34. h3 g5 35. Bg3 a4 36. Bd6 Ne6 37. Kh2 Bd3 38. Na7 a3 39. Kh1 Nf4 40. Bxa3 Nxa3 41. Nc6 Re2 42. Nd4 Rxg2 43. Nb3 Nb5 44. h4 Nc3 45. Nd4 Ra2 46. h5 Nb1 47. Kg1 Nd2 48. Kh1 Nf1 49. Kg1 Rg2+ 50. Kh1 Ng3# 0-1

[Event "COL-ch U20"]
[Site "Bogota"]
[Date "2025.01.29"]
[Round "1"]
[White "Alcala Leon, Daniel Alejandro"]
[Black "Zarabanda Rojas, Daniel Santiago"]
[Result "1-0"]
[WhiteElo "1921"]
[BlackElo "1606"]
[PlyCount "81"]
[EventDate "2025.01.29"]
[EventType "tourn"]
[EventRounds "9"]
[EventCountry "COL"]
[SourceTitle "CB06_2025"]
[SourceDate "2025.02.05"]
[SourceVersion "1"]
[SourceVersionDate "2025.02.05"]
[SourceQuality "1"]

1. e4 c6 2. d4 d5 3. exd5 cxd5 4. Bd3 Nc6 5. c3 Nf6 6. h3 g6 7. Nf3 Qc7 8. a4 Bg7 9. 0-0 0-0 10. Re1 Nd7 11. Qb3 Qd6 12. Na3 a6 13. Be2 e5 14. dxe5 Ndxe5 15. Rd1 Be6 16. Ng5 Na5 17. Qa2 Rac8 18. Be3 Qc7 19. Nxe6 fxe6 20. b4 Nac4 21. Bc5 Rf7 22. Nxc4 Nxc4 23. Bxc4 dxc4 24. a5 Qf4 25. Qe2 Be5 26. g3 Qf5 27. Rac1 Qg5 28. Kg2 Qf5 29. f4 Bb8 30. Bd6 Bxd6 31. Rxd6 Re7 32. Re1 Rce8 33. Qxc4 Kf7 34. g4 Qc2+ 35. Re2 Qb1 36. Rf2 Kg8 37. f5 gxf5 38. Rxf5 Qc2+ 39. Kg3 Kh8 40. Re5 Rf8 41. Qd4 1-0

[Event "COL Intercollege op"]
[Site "Bogota"]
[Date "2024.11.21"]
[Round "1"]
[White "Luna Velandia, Juan Sebastian"]
[Black "Zarabanda Rojas, Daniel Santiago"]
[Result "1-0"]
[WhiteElo "1991"]
[BlackElo "1602"]
[PlyCount "61"]
[EventDate "2024.11.21"]
[EventType "swiss"]
[EventRounds "7"]
[EventCountry "COL"]
[SourceTitle "CB48_2024"]
[SourceDate "2024.11.28"]
[SourceVersion "1"]
[SourceVersionDate "2024.11.28"]
[SourceQuality "1"]

1. e4 c6 2. Nf3 d5 3. Nc3 dxe4 4. Nxe4 Nf6 5. Nxf6+ exf6 6. d4 Bd6 7. h3 0-0 8. Be2 Bf5 9. 0-0 Re8 10. Be3 Nd7 11. Nh4 Be4 12. Bd3 g6 13. Bxe4 Rxe4 14. Nf3 Qc7 15. Qd3 Rae8 16. Rfe1 Bf4 17. Bxf4 Qxf4 18. Rxe4 Rxe4 19. b4 Qf5 20. Nd2 Rf4 21. Qe3 Nb6 22. c4 Qg5 23. Ne4 Qf5 24. Nd6 Qg5 25. Re1 Rh4 26. Qe8+ Kg7 27. Qxf7+ Kh6 28. Ne8 Qf5 29. Nxf6 Nxc4 30. Ng8+ Kg5 31. Qxc4 1-0

[Event "American Continental Rapid 18th"]
[Site "Medellin"]
[Date "2024.06.01"]
[Round "5"]
[White "Urquijo Prada, Santiago"]
[Black "Zarabanda Rojas, Daniel Santiago"]
[Result "1/2-1/2"]
[WhiteElo "1766"]
[BlackElo "1631"]
[PlyCount "123"]
[EventDate "2024.06.01"]
[EventType "swiss (rapid)"]
[EventRounds "9"]
[EventCountry "COL"]
[SourceTitle "CBM 220 Extra"]
[Source "ChessBase"]
[SourceDate "2024.07.31"]
[SourceVersion "1"]
[SourceVersionDate "2024.07.31"]
[SourceQuality "1"]

1. d4 d5 2. Nf3 c5 3. c4 e6 4. Nc3 Nc6 5. dxc5 Bxc5 6. cxd5 exd5 7. Qxd5 Nb4 8. Qxd8+ Kxd8 9. Rb1 Be6 10. a3 Nc2+ 11. Kd2 Bb3 12. e3 Ke8 13. Bb5+ Ke7 14. Ke2 Rd8 15. Nd2 Be6 16. Bd3 Nxe3 17. fxe3 Nf6 18. b4 Bb6 19. Nc4 Rc8 20. Nxb6 Rxc3 21. Bb2 Rxd3 22. Kxd3 Bf5+ 23. Ke2 Bxb1 24. Rxb1 axb6 25. Bxf6+ gxf6 26. Rc1 Kd6 27. Kf3 Ra8 28. Rc4 Rxa3 29. Rh4 Rb3 30. Rxh7 Ke6 31. Rh4 Rb1 32. Rf4 f5 33. h4 Rg1 34. g3 b5 35. h5 Kf6 36. e4 Rf1+ 37. Ke3 Re1+ 38. Kf2 Rxe4 39. Rxe4 fxe4 40. Ke3 Kg5 41. g4 f5 42. h6 Kxh6 43. gxf5 Kg5 44. Kxe4 Kf6 45. Kf4 Kf7 46. Ke5 Ke7 47. f6+ Kf7 48. Kd6 Kxf6 49. Kc7 Ke7 50. Kxb7 Kd7 51. Kb6 Kc8 52. Ka7 Kc7 53. Ka6 Kc8 54. Kxb5 Kb7 55. Kc5 Kc7 56. Kb5 Kb7 57. Ka5 Ka7 58. b5 Kb7 59. b6 Kb8 60. Ka6 Ka8 61. b7+ Kb8 62. Kb6 1/2-1/2

[Event "American Continental Rapid 18th"]
[Site "Medellin"]
[Date "2024.06.01"]
[Round "7"]
[White "Vallejo, Humberto"]
[Black "Zarabanda Rojas, Daniel Santiago"]
[Result "0-1"]
[WhiteElo "2004"]
[BlackElo "1631"]
[PlyCount "104"]
[EventDate "2024.06.01"]
[EventType "swiss (rapid)"]
[EventRounds "9"]
[EventCountry "COL"]
[SourceTitle "CBM 220 Extra"]
[Source "ChessBase"]
[SourceDate "2024.07.31"]
[SourceVersion "1"]
[SourceVersionDate "2024.07.31"]
[SourceQuality "1"]

1. e4 c6 2. Nf3 d5 3. e5 Bf5 4. b4 e6 5. a3 Nd7 6. d4 a5 7. b5 c5 8. c3 a4 9. Nbd2 c4 10. Ra2 Qa5 11. Nh4 Qxc3 12. Nxf5 exf5 13. Bb2 Qa5 14. Qf3 Ne7 15. Bc3 Qxb5 16. Rb2 Qc6 17. Bb4 g6 18. h4 h5 19. Rh3 Bh6 20. Qc3 Nc8 21. Nf3 Na7 22. Bd6 Nb5 23. Qb4 Nxd6 24. exd6 b6 25. Re2+ Kf8 26. Ng5 Bxg5 27. hxg5 Re8 28. Rxe8+ Kxe8 29. Re3+ Kd8 30. g3 Re8 31. Rxe8+ Kxe8 32. Bg2 c3 33. Kd1 Nb8 34. Kc2 Kd7 35. Qxc3 Qxd6 36. Qf3 Nc6 37. Qxd5 Nxd4+ 38. Kd3 Qxd5 39. Bxd5 Ne6 40. f4 h4 41. Bxe6+ fxe6 42. gxh4 b5 43. Kd4 Kd6 44. Kc3 e5 45. h5 gxh5 46. g6 Ke6 47. fxe5 h4 48. Kd4 h3 49. Kc5 h2 50. g7 Kf7 51. Kd6 Kxg7 52. e6 h1Q 0-1

[Event "American Continental Rapid 18th"]
[Site "Medellin"]
[Date "2024.06.01"]
[Round "8"]
[White "Zarabanda Rojas, Daniel Santiago"]
[Black "Castro Lombana, Juan Pablo"]
[Result "0-1"]
[WhiteElo "1631"]
[BlackElo "1929"]
[PlyCount "56"]
[EventDate "2024.06.01"]
[EventType "swiss (rapid)"]
[EventRounds "9"]
[EventCountry "COL"]
[SourceTitle "CBM 220 Extra"]
[Source "ChessBase"]
[SourceDate "2024.07.31"]
[SourceVersion "1"]
[SourceVersionDate "2024.07.31"]
[SourceQuality "1"]

1. e4 e6 2. d4 d5 3. e5 c5 4. c3 Nc6 5. Nf3 Qb6 6. a3 c4 7. Nbd2 Na5 8. Be2 Bd7 9. 0-0 0-0-0 10. Ng5 Nh6 11. f4 f6 12. Nh3 Nf5 13. Nf3 Nb3 14. Rb1 Ba4 15. Qe1 h5 16. g3 Be7 17. Kh1 Rdg8 18. Nh4 Nxh4 19. gxh4 fxe5 20. fxe5 Nxc1 21. Rxc1 Rf8 22. Rxf8+ Rxf8 23. Bxh5 Qxb2 24. Rb1 Bxh4 25. Qg1 Qc2 26. Bg6 Qe2 27. Ng5 Bxg5 28. Qxg5 Bd1 0-1

[Event "American Continental Blitz 18th"]
[Site "Medellin"]
[Date "2024.05.29"]
[Round "9"]
[White "Gallego Carvajal, Miguel Angel"]
[Black "Zarabanda Rojas, Daniel Santiago"]
[Result "1-0"]
[WhiteElo "1771"]
[BlackElo "1631"]
[PlyCount "63"]
[EventDate "2024.05.29"]
[EventType "swiss (blitz)"]
[EventRounds "9"]
[EventCountry "COL"]
[SourceTitle "CBM 220 Extra"]
[Source "ChessBase"]
[SourceDate "2024.07.31"]
[SourceVersion "1"]
[SourceVersionDate "2024.07.31"]
[SourceQuality "1"]

1. d4 Nf6 2. c4 e6 3. Nc3 d5 4. cxd5 exd5 5. Bg5 Be7 6. e3 0-0 7. Bd3 c6 8. Nf3 Bg4 9. h3 Bh5 10. 0-0 Nbd7 11. Re1 Bg6 12. Bxg6 hxg6 13. Qd3 Ne4 14. Bxe7 Qxe7 15. Rac1 Ndf6 16. Ne5 Nd7 17. Nxd7 Nxc3 18. Nxf8 Nxa2 19. Nxg6 fxg6 20. Ra1 Nb4 21. Qxg6 Qf6 22. Qxf6 gxf6 23. Re2 Kf7 24. Ra4 Na6 25. f3 f5 26. e4 fxe4 27. fxe4 dxe4 28. Rxe4 Nc7 29. Ra3 Nd5 30. Rf3+ Kg7 31. Rg4+ Kh7 32. Rf5 1-0

[Event "American Continental Blitz 18th"]
[Site "Medellin"]
[Date "2024.05.29"]
[Round "5"]
[White "Hurtado Henao, Pablo"]
[Black "Zarabanda Rojas, Daniel Santiago"]
[Result "1-0"]
[WhiteElo "1882"]
[BlackElo "1631"]
[PlyCount "87"]
[EventDate "2024.05.29"]
[EventType "swiss (blitz)"]
[EventRounds "9"]
[EventCountry "COL"]
[SourceTitle "CBM 220 Extra"]
[Source "ChessBase"]
[SourceDate "2024.07.31"]
[SourceVersion "1"]
[SourceVersionDate "2024.07.31"]
[SourceQuality "1"]

1. c4 Nf6 2. Nc3 e6 3. e4 c5 4. e5 Ng8 5. Nf3 Nc6 6. d4 cxd4 7. Nxd4 Nge7 8. Bf4 Nxd4 9. Qxd4 Nc6 10. Qd2 Bb4 11. Bd3 a6 12. 0-0 0-0 13. a3 Bxc3 14. Qxc3 b6 15. Be4 Bb7 16. Rad1 Qe7 17. Qe3 b5 18. cxb5 axb5 19. Rd6 Na5 20. Bd3 Nc4 21. Qh3 g6 22. Rd4 Nxb2 23. Bb1 Rxa3 24. Qh6 f6 25. exf6 Qxf6 26. Rxd7 Rf7 27. Bg5 Qg7 28. Rd8+ Rf8 29. Rxf8+ Qxf8 30. Qh4 Ra4 31. Qh3 Qd6 32. Bc2 Rb4 33. Bf6 Qc6 34. Bb1 Rh4 35. Bxh4 Nc4 36. Ba2 Kf7 37. Re1 b4 38. Qg4 Ba6 39. Qf4+ Kg8 40. f3 Qb6+ 41. Bf2 Qa5 42. Bxc4 Bxc4 43. Qxc4 Qd5 44. Qxd5 1-0

[Event "American Continental 18th"]
[Site "Medellin"]
[Date "2024.05.29"]
[Round "8"]
[White "Zarabanda Rojas, Daniel Santiago"]
[Black "Pereira Vera, Henry Alberto"]
[Result "0-1"]
[WhiteElo "1631"]
[BlackElo "1790"]
[PlyCount "100"]
[EventDate "2024.05.24"]
[EventType "swiss"]
[EventRounds "11"]
[EventCountry "COL"]
[SourceTitle "CBM 220 Extra"]
[Source "ChessBase"]
[SourceDate "2024.07.31"]
[SourceVersion "1"]
[SourceVersionDate "2024.07.31"]
[SourceQuality "1"]

1. e4 d5 2. exd5 Qxd5 3. Nc3 Qd6 4. d4 Nf6 5. Nf3 c6 6. h3 g6 7. Ne5 Bg7 8. Nc4 Qc7 9. Qf3 0-0 10. Bf4 Qd8 11. 0-0-0 Nd5 12. Be5 f6 13. Bg3 b5 14. Nxd5 cxd5 15. Ne3 Be6 16. Bxb5 Qa5 17. Nxd5 Qxa2 18. Nxe7+ Kh8 19. Qa3 Bh6+ 20. f4 Qxa3 21. bxa3 Rf7 22. Nc6 Bd5 23. Nd8 Rf8 24. c4 Bxc4 25. Bxc4 Rxd8 26. Be6 Nd7 27. Kc2 Rac8+ 28. Kb3 Rc6 29. Bxd7 Rxd7 30. d5 Rb7+ 31. Ka2 Rc2+ 32. Ka1 f5 33. Rhe1 Bg7+ 34. Re5 Rxg2 35. Bh4 g5 36. d6 Rd7 37. Rc1 Bxe5+ 38. fxe5 gxh4 39. Kb1 Rg8 40. Rf1 Rf8 41. Rf4 Kg7 42. Kc2 Re8 43. Rxf5 Kg6 44. Rf4 Rxe5 45. Rxh4 Rxd6 46. Ra4 Rc5+ 47. Kb3 Rb6+ 48. Ka2 Rc2+ 49. Ka1 Re6 50. Kb1 Rg2 0-1

[Event "American Continental Blitz 18th"]
[Site "Medellin"]
[Date "2024.05.29"]
[Round "2"]
[White "Zarabanda Rojas, Daniel Santiago"]
[Black "Simancas Maradei, Miguel Alejandro"]
[Result "0-1"]
[WhiteElo "1631"]
[BlackElo "2006"]
[PlyCount "64"]
[EventDate "2024.05.29"]
[EventType "swiss (blitz)"]
[EventRounds "9"]
[EventCountry "COL"]
[SourceTitle "CBM 220 Extra"]
[Source "ChessBase"]
[SourceDate "2024.07.31"]
[SourceVersion "1"]
[SourceVersionDate "2024.07.31"]
[SourceQuality "1"]

1. e4 c5 2. Nf3 e6 3. c4 Qc7 4. Nc3 a6 5. d4 cxd4 6. Nxd4 Nf6 7. Be2 Be7 8. 0-0 d6 9. b3 Nbd7 10. Bb2 b6 11. f3 Bb7 12. Kh1 Rc8 13. Rc1 0-0 14. Bd3 Qb8 15. Qe2 Rfe8 16. Nc2 Bd8 17. Ne3 Bc7 18. g3 Ne5 19. Bb1 Qa8 20. Ncd1 d5 21. f4 Ned7 22. cxd5 exd5 23. exd5 Nxd5 24. Kg1 b5 25. Qg4 N5f6 26. Qg5 h6 27. Qf5 Bb6 28. Rxc8 Bxc8 29. Qd3 Bb7 30. Re1 Bh1 31. Kf1 Qf3+ 32. Nf2 Bxe3 0-1

[Event "COL-ch U18"]
[Site "Ibague"]
[Date "2024.03.15"]
[Round "2"]
[White "Herrera Jimenez, Mateo"]
[Black "Zarabanda Rojas, Daniel Santiago"]
[Result "1-0"]
[WhiteElo "1828"]
[BlackElo "1678"]
[PlyCount "81"]
[EventDate "2024.03.14"]
[EventType "swiss"]
[EventRounds "7"]
[EventCountry "COL"]
[SourceTitle "CBM 219 Extra"]
[Source "ChessBase"]
[SourceDate "2024.05.31"]
[SourceVersion "1"]
[SourceVersionDate "2024.05.31"]
[SourceQuality "1"]

1. d4 d5 2. c4 e6 3. Nc3 Nf6 4. cxd5 exd5 5. Bg5 c6 6. e3 h6 7. Bh4 Be7 8. Bd3 0-0 9. Nge2 Ne4 10. Bg3 f5 11. 0-0 Be6 12. Qc2 Nd7 13. Rae1 Ndf6 14. f3 Nxg3 15. Nxg3 g6 16. Kh1 Bd6 17. Nce2 h5 18. Rf2 Qc7 19. Qd2 Rae8 20. Nf1 Bc8 21. a3 a5 22. Nc3 b5 23. Rc1 Qb6 24. Re2 Bd7 25. Bb1 Kg7 26. Qd3 Re7 27. Nd1 c5 28. dxc5 Bxc5 29. Rec2 Bd6 30. Nc3 Bc5 31. Nxd5 Nxd5 32. Rxc5 Nxe3 33. Nxe3 Rfe8 34. Qc3+ Kh7 35. Nd5 Qxc5 36. Qxc5 Re1+ 37. Qg1 Rxg1+ 38. Kxg1 Rc8 39. Rxc8 Bxc8 40. Bd3 Be6 41. Nc7 1-0

[Event "COL-ch U16"]
[Site "Villavicencio"]
[Date "2022.05.15"]
[Round "8"]
[White "Zarabanda Rojas, Daniel Santiago"]
[Black "Perez Latorre, Juan Sebastian"]
[Result "1/2-1/2"]
[WhiteElo "1527"]
[BlackElo "1417"]
[PlyCount "52"]
[EventDate "2022.05.11"]
[EventType "swiss"]
[EventRounds "9"]
[EventCountry "COL"]
[SourceTitle "CBM 208 Extra"]
[Source "ChessBase"]
[SourceDate "2022.07.31"]
[SourceVersion "1"]
[SourceVersionDate "2022.07.31"]
[SourceQuality "1"]

1. d4 Nf6 2. Nf3 g6 3. c4 Bg7 4. g3 d6 5. Bg2 0-0 6. 0-0 Nbd7 7. Nc3 Re8 8. e4 e5 9. Bg5 h6 10. Bxf6 Bxf6 11. Qd2 exd4 12. Nxd4 a5 13. f4 Nc5 14. Rae1 Bg7 15. Nf3 Bxc3 16. Qxc3 Nxe4 17. Qd4 Nc5 18. Nh4 Bd7 19. f5 Rxe1 20. Rxe1 g5 21. Ng6 fxg6 22. Bd5+ Kh7 23. f6 Qf8 24. Re7+ Kh8 25. Rf7 Qe8 26. Re7 Qf8 1/2-1/2

[Event "COL-ch U16"]
[Site "Villavicencio"]
[Date "2022.05.13"]
[Round "5"]
[White "Socha, Juan Pablo"]
[Black "Zarabanda Rojas, Daniel Santiago"]
[Result "0-1"]
[WhiteElo "1270"]
[BlackElo "1527"]
[PlyCount "40"]
[EventDate "2022.05.11"]
[EventType "swiss"]
[EventRounds "9"]
[EventCountry "COL"]
[SourceTitle "CBM 208 Extra"]
[Source "ChessBase"]
[SourceDate "2022.07.31"]
[SourceVersion "1"]
[SourceVersionDate "2022.07.31"]
[SourceQuality "1"]

1. e4 c6 2. d4 d5 3. e5 Bf5 4. Nf3 e6 5. Be2 c5 6. 0-0 Nd7 7. c4 Nb6 8. Be3 cxd4 9. Nxd4 Bg6 10. cxd5 Qxd5 11. Nb5 Qxe5 12. Qd2 Rd8 13. Qc3 Bd6 14. f4 Qxc3 15. N1xc3 Bb8 16. Rad1 Rxd1 17. Rxd1 Nf6 18. Nd6+ Bxd6 19. Rxd6 Nc8 20. Bb5+ Ke7 0-1

[Event "Puerto Lopez op"]
[Site "Puerto Lopez"]
[Date "2021.08.01"]
[Round "4"]
[White "Zarabanda Rojas, Daniel Santiago"]
[Black "Cubides, Noe"]
[Result "1-0"]
[WhiteElo "1466"]
[BlackElo "1581"]
[PlyCount "43"]
[EventDate "2021.07.31"]
[EventType "swiss"]
[EventRounds "6"]
[EventCountry "COL"]
[SourceTitle "EXT 2022"]
[Source "ChessBase"]
[SourceDate "2021.10.06"]
[SourceVersion "1"]
[SourceVersionDate "2021.10.06"]
[SourceQuality "1"]

1. Nf3 e6 2. g3 Nc6 3. Bg2 d5 4. d4 b6 5. c4 Bb7 6. cxd5 Qxd5 7. Nc3 Bb4 8. 0-0 Bxc3 9. bxc3 0-0-0 10. Ng5 Qd7 11. Qa4 h6 12. Nxf7 b5 13. Qxb5 Qxf7 14. Bxc6 Bxc6 15. Qxc6 Rd6 16. Qa8+ Kd7 17. Bf4 Rc6 18. Rab1 g5 19. Be5 Rh7 20. Rb8 Qe7 21. Rxg8 h5 22. Qc8# 1-0